000 00745cam a2200205 a 4500
999 _c55232
001 22126223
003 LIBRIS
005 20210113153353.0
008 171215s2010 sw |||| |00| 0|swe c
020 _a9789144060682
040 _aLGEN
_dL
_dS
100 1 _aRingskog Vagnhammar, Susanne,
_d1948-
_0340026
_0340026
245 1 0 _aFörsta hjälpen vid självmordsrisk /
_cSusanne Ringskog Vagnhammar & Danuta Wasserman
250 _a1. uppl.
260 _aLund :
_bStudentlitteratur,
_c2010
_e(Malmö :
_fHolmberg)
300 _a90 s. :
_bill. ;
_c23 cm
900 1 s _6100
_d1948-
_uRingskog Vagnhammar, Susanne,
_d1948-
900 1 s _6100
_d1948-
_uRingskog Vagnhammar, Susanne,
_d1948-
942 _2z
_cBOOK